[Event "Mittelrhein Verbandsliga Sued 1920"]
[Site "Mittelrhein"]
[Date "2019.12.08"]
[Round "4.3"]
[White "Kossack, Philipp"]
[Black "Knauf, Franz Josef"]
[Result "1-0"]
[WhiteElo "1952"]
[BlackElo "1964"]
[PlyCount "41"]
[EventDate "2019.09.29"]
[EventType "team-tourn"]
[EventRounds "9"]
[EventCountry "GER"]
[SourceTitle "EXT 2023"]
[Source "ChessBase"]
[SourceDate "2022.10.05"]
[SourceVersion "1"]
[SourceVersionDate "2022.10.05"]
[SourceQuality "1"]
[WhiteTeam "Erftstadt SV"]
[BlackTeam "Sankt Augustin Turm"]
[WhiteTeamCountry "GER"]
[BlackTeamCountry "GER"]

1. d4 Nf6 2. c4 g6 3. Nc3 Bg7 4. e4 d6 5. Be2 0-0 6. h4 e5 7. d5 h6 8. g4 c6 9. g5 Ne8 10. gxh6 Bf6 11. Nf3 Bg4 12. Ng5 Bxe2 13. Qxe2 Bxg5 14. Bxg5 f6 15. Bd2 cxd5 16. Nxd5 Nc7 17. Qg4 Kh7 18. Rg1 Rg8 19. h5 g5 20. Qf5+ Kxh6 21. Nxf6 1-0

[Event "Mittelrhein Verbandsliga Sued 1920"]
[Site "Mittelrhein"]
[Date "2019.11.17"]
[Round "3.3"]
[White "Knauf, Franz Josef"]
[Black "Hemmert, Burghard"]
[Result "1-0"]
[WhiteElo "1964"]
[BlackElo "2013"]
[PlyCount "67"]
[EventDate "2019.09.29"]
[EventType "team-tourn"]
[EventRounds "9"]
[EventCountry "GER"]
[SourceTitle "EXT 2023"]
[Source "ChessBase"]
[SourceDate "2022.10.05"]
[SourceVersion "1"]
[SourceVersionDate "2022.10.05"]
[SourceQuality "1"]
[WhiteTeam "Sankt Augustin Turm"]
[BlackTeam "Siebengebirge"]
[WhiteTeamCountry "GER"]
[BlackTeamCountry "GER"]

1. d4 d5 2. c4 e6 3. Nc3 Nf6 4. Nf3 Nbd7 5. e3 c6 6. Bd3 Bb4 7. 0-0 0-0 8. Bd2 Qe7 9. a3 Bd6 10. Rc1 e5 11. dxe5 Nxe5 12. Nxe5 Qxe5 13. f4 Qe7 14. cxd5 cxd5 15. Qf3 Rd8 16. h3 b6 17. Nxd5 Nxd5 18. Qxd5 Bb7 19. Qh5 g6 20. Qe2 Bc5 21. b4 Rxd3 22. bxc5 Rad8 23. Bb4 Rxe3 24. Qf2 Qe4 25. c6 Ba6 26. Rfd1 Rdd3 27. Rxd3 Qxd3 28. Re1 Rxe1+ 29. Qxe1 Qd4+ 30. Kh1 Qxf4 31. Qe8+ Kg7 32. Bf8+ Kf6 33. Qe7+ Kf5 34. g4+ 1-0

[Event "Mittelrhein Verbandsliga-S 18/19"]
[Site "Nordrheinwestfalen"]
[Date "2019.01.20"]
[Round "6.4"]
[White "Preiss, Wolfgang"]
[Black "Knauf, Franz Josef"]
[Result "1/2-1/2"]
[WhiteElo "1787"]
[BlackElo "1977"]
[PlyCount "75"]
[EventDate "2018.09.02"]
[EventType "team-tourn"]
[EventRounds "11"]
[EventCountry "GER"]
[SourceTitle "EXT 2022"]
[Source "ChessBase"]
[SourceDate "2021.10.06"]
[SourceVersion "1"]
[SourceVersionDate "2021.10.06"]
[SourceQuality "1"]
[WhiteTeam "Bergische SF II"]
[BlackTeam "St Augustin Turm"]
[WhiteTeamCountry "GER"]
[BlackTeamCountry "GER"]

1. c4 c5 2. Nf3 Nc6 3. e3 d6 4. d4 Bg4 5. Be2 g6 6. d5 Bxf3 7. Bxf3 Ne5 8. Be2 Bg7 9. 0-0 Nf6 10. f4 Ned7 11. Qc2 b5 12. Nc3 bxc4 13. e4 0-0 14. Bxc4 Rb8 15. Rb1 Nb6 16. Be2 e6 17. dxe6 fxe6 18. Be3 Qe7 19. Nb5 Rfc8 20. Nxd6 Qxd6 21. e5 Qe7 22. exf6 Bxf6 23. b3 Nd5 24. Bd2 Bd4+ 25. Kh1 Be3 26. Bc4 Rf8 27. Rbe1 Bxd2 28. Qxd2 Nc7 29. Re5 Rf5 30. Rfe1 Rxe5 31. Rxe5 Rd8 32. Qe2 Kf8 33. h3 Qd6 34. Bxe6 Nxe6 35. Rxe6 Qxf4 36. Qe1 Rd2 37. Re3 Qd6 38. Re8+ 1/2-1/2

[Event "Mittelrhein Verbandsliga-S 18/19"]
[Site "Nordrheinwestfalen"]
[Date "2018.11.18"]
[Round "4.3"]
[White "Kroener, Alexander"]
[Black "Knauf, Franz Josef"]
[Result "1-0"]
[WhiteElo "1934"]
[BlackElo "1977"]
[PlyCount "51"]
[EventDate "2018.09.02"]
[EventType "team-tourn"]
[EventRounds "11"]
[EventCountry "GER"]
[SourceTitle "EXT 2022"]
[Source "ChessBase"]
[SourceDate "2021.10.06"]
[SourceVersion "1"]
[SourceVersionDate "2021.10.06"]
[SourceQuality "1"]
[WhiteTeam "Niederkassel II"]
[BlackTeam "St Augustin Turm"]
[WhiteTeamCountry "GER"]
[BlackTeamCountry "GER"]

1. e4 c5 2. Nc3 Nc6 3. Bb5 a6 4. Bxc6 bxc6 5. f4 d5 6. e5 Nh6 7. Nf3 Bg4 8. h3 Bxf3 9. Qxf3 Nf5 10. d3 e6 11. 0-0 Qh4 12. Ne2 Rb8 13. Kh2 g6 14. g3 Qd8 15. g4 Nd4 16. Nxd4 cxd4 17. f5 exf5 18. gxf5 g5 19. Qh5 h6 20. f6 Rg8 21. Kh1 Qd7 22. e6 Qxe6 23. Bf4 gxf4 24. Rae1 Qe3 25. Rxe3+ fxe3 26. Qe5+ 1-0

[Event "Mittelrhein Verbandsliga-O 16/17"]
[Site "Nordrheinwestfalen"]
[Date "2017.04.30"]
[Round "11.2"]
[White "Knauf, Franz Josef"]
[Black "Romaker, Johann"]
[Result "1-0"]
[WhiteElo "1960"]
[BlackElo "1936"]
[PlyCount "101"]
[EventDate "2016.09.11"]
[EventType "team-tourn"]
[EventRounds "11"]
[EventCountry "GER"]
[SourceTitle "EXT 2022"]
[Source "ChessBase"]
[SourceDate "2021.10.06"]
[SourceVersion "1"]
[SourceVersionDate "2021.10.06"]
[SourceQuality "1"]
[WhiteTeam "St Augustin Turm"]
[BlackTeam "Bruehl II"]
[WhiteTeamCountry "GER"]
[BlackTeamCountry "GER"]

1. d4 Nf6 2. c4 e6 3. Nf3 d5 4. Bg5 Bb4+ 5. Nbd2 Nbd7 6. e3 h6 7. Bh4 g5 8. Bg3 g4 9. a3 Ba5 10. Ne5 Bxd2+ 11. Qxd2 Ne4 12. Qc2 Nxg3 13. hxg3 Nxe5 14. dxe5 c6 15. Rh5 Qa5+ 16. b4 Qd8 17. Be2 a5 18. b5 a4 19. bxc6 bxc6 20. cxd5 Qa5+ 21. Kf1 cxd5 22. Bxg4 Ba6+ 23. Be2 Rc8 24. Qb2 Bxe2+ 25. Qxe2 Ke7 26. Rb1 Rc7 27. Qb5 Rc1+ 28. Ke2 Rc2+ 29. Kf3 Qxb5 30. Rxb5 Rhc8 31. Rb7+ R8c7 32. Rxc7+ Rxc7 33. Rh4 Ra7 34. Rxh6 Kd7 35. Rh4 Kc6 36. Rb4 Kc5 37. Ke2 Kc6 38. Kd3 f6 39. exf6 Rf7 40. Rxa4 Rxf6 41. Rf4 Rg6 42. e4 Kc5 43. exd5 exd5 44. a4 Rb6 45. g4 Rb3+ 46. Kc2 Ra3 47. Kb2 Rd3 48. g5 d4 49. g6 Kc4 50. g7 Rb3+ 51. Kc1 1-0

[Event "Mittelrhein Verbandsliga-O 16/17"]
[Site "Nordrheinwestfalen"]
[Date "2017.01.29"]
[Round "7"]
[White "Harringer, Manfred"]
[Black "Knauf, Franz Josef"]
[Result "1-0"]
[WhiteElo "1938"]
[BlackElo "1967"]
[PlyCount "75"]
[EventDate "2016.09.11"]
[EventType "team-tourn"]
[EventRounds "11"]
[EventCountry "GER"]
[SourceTitle "EXT 2022"]
[Source "ChessBase"]
[SourceDate "2021.10.06"]
[SourceVersion "1"]
[SourceVersionDate "2021.10.06"]
[SourceQuality "1"]
[WhiteTeam "Bergische SF II"]
[BlackTeam "St Augustin Turm"]
[WhiteTeamCountry "GER"]
[BlackTeamCountry "GER"]

1. e4 c5 2. Nf3 Nc6 3. Bb5 a6 4. Bxc6 dxc6 5. 0-0 Bg4 6. h3 Bh5 7. d3 e6 8. Bf4 g5 9. Be5 f6 10. Bc3 e5 11. Nbd2 Bg7 12. a4 a5 13. Nc4 Ne7 14. Qe2 Bf7 15. Ne3 Be6 16. Nd2 h5 17. Ndc4 b6 18. Qf3 Rb8 19. Nf5 Nxf5 20. exf5 Bd5 21. Qe2 Qd7 22. Ne3 Bf7 23. h4 0-0 24. hxg5 fxg5 25. Rae1 Rbe8 26. g4 e4 27. Bxg7 Kxg7 28. gxh5 exd3 29. cxd3 Rh8 30. Qg4 Kf6 31. h6 Rxh6 32. Qg3 Bh5 33. Nc4 Qxf5 34. Rxe8 Bxe8 35. Re1 Bf7 36. Ne3 Bd5 37. Qd6+ Kf7 38. Qxh6 1-0

[Event "Mittelrhein Verbandsliga-O 16/17"]
[Site "Nordrheinwestfalen"]
[Date "2016.10.23"]
[Round "3"]
[White "Schracke, Guido"]
[Black "Knauf, Franz Josef"]
[Result "0-1"]
[WhiteElo "2062"]
[BlackElo "1967"]
[PlyCount "144"]
[EventDate "2016.09.11"]
[EventType "team-tourn"]
[EventRounds "11"]
[EventCountry "GER"]
[SourceTitle "EXT 2022"]
[Source "ChessBase"]
[SourceDate "2021.10.06"]
[SourceVersion "1"]
[SourceVersionDate "2021.10.06"]
[SourceQuality "1"]
[WhiteTeam "Niederkassel II"]
[BlackTeam "St Augustin Turm"]
[WhiteTeamCountry "GER"]
[BlackTeamCountry "GER"]

1. e4 e5 2. d4 exd4 3. c3 dxc3 4. Bc4 Nc6 5. Nf3 d6 6. Qb3 Qe7 7. Nxc3 Nf6 8. 0-0 h6 9. Bf4 g5 10. Nd5 Qd8 11. Bg3 Bg7 12. Nxf6+ Qxf6 13. e5 dxe5 14. Nxe5 0-0 15. Rfe1 Na5 16. Bxf7+ Rxf7 17. Qxf7+ Qxf7 18. Nxf7 Kxf7 19. Bxc7 Nc6 20. Re2 Be6 21. a3 Nd4 22. Re4 Bf5 23. Re3 Nc2 24. Rf3 Nxa1 25. Rxf5+ Ke6 26. g4 Rc8 27. Bg3 b6 28. Rb5 Nc2 29. Kg2 Rc4 30. Rb3 Be5 31. Bxe5 Kxe5 32. Kg3 Rc6 33. h4 gxh4+ 34. Kxh4 Nd4 35. Re3+ Kf4 36. Re7 a5 37. Rf7+ Ke5 38. f4+ Ke4 39. f5 Rc2 40. Kh5 Rh2+ 41. Kg6 Kf4 42. Rd7 Nf3 43. Kg7 Kxg4 44. f6 Ne5 45. Rd5 Kf4 46. Rb5 Rg2+ 47. Kxh6 Rg6+ 48. Kh7 Rxf6 49. b4 a4 50. Rd5 Rf7+ 51. Kg8 Rd7 52. Rb5 Rd6 53. Kf8 Nc4 54. Ke7 Rh6 55. Rd5 Nxa3 56. b5 Ke4 57. Rg5 Kd4 58. Rg4+ Kc5 59. Rxa4 Nxb5 60. Kd7 Rh7+ 61. Ke6 Nd4+ 62. Ke5 b5 63. Ra8 Re7+ 64. Kf6 Rb7 65. Ke5 Nc6+ 66. Ke4 b4 67. Kd3 b3 68. Ra1 Kb4 69. Ra6 Rd7+ 70. Ke3 Ne5 71. Rb6+ Kc3 72. Ke2 b2 0-1